| 000 | 00779nam a2200253Ia 4500 | ||
|---|---|---|---|
| 003 | OSt | ||
| 005 | 20221005062036.0 | ||
| 006 | a|||||r|||| 00| 0 | ||
| 007 | ta | ||
| 008 | 221004b |||||||| |||| 00| 0 eng d | ||
| 020 |
_a9780415472715 (pbk) _c1397.47 |
||
| 024 | _a106186 | ||
| 037 |
_b177, 15/03/2011, Aviva Book Company _cTextual |
||
| 040 |
_aCRL _cCRL _beng |
||
| 041 |
_2eng _aeng |
||
| 082 | _aO1119(Y11):g, Q0 | ||
| 100 |
_aRudd David Ed. _9465915 |
||
| 245 | 0 | _aRoutledge companion to children's literature | |
| 260 |
_aLondon _bRoutledge UK _c2010 |
||
| 300 |
_axvi,320p. _ccm. |
||
| 650 | _aENGLISH LITERATURE | ||
| 942 |
_hO1119(Y11):g, Q0 _cTEXL _2cc |
||
| 999 |
_c969128 _d969128 |
||